Kvantitatívne metódy v analýze demografických faktorov v poistení dizertačná práca
Gespeichert in:
| 1. Verfasser: | |
|---|---|
| Körperschaft: | |
| Weitere Verfasser: | |
| Format: | Buch |
| Sprache: | Slowakisch |
| Veröffentlicht: |
Bratislava
2005
|
| Schlagworte: | |
| Tags: |
Keine Tags, Fügen Sie das erste Tag hinzu!
|
MARC
| LEADER | 00000nam$a2200000$$$4500 | ||
|---|---|---|---|
| 001 | 0038411 | ||
| 005 | 20230224101240.4 | ||
| 041 | 0 | |a slo | |
| 044 | |a SK | ||
| 245 | 1 | 0 | |a Kvantitatívne metódy v analýze demografických faktorov v poistení |b dizertačná práca |c Iveta Luptáková ; školiteľ: Katarína Sakálová |
| 264 | 1 | |a Bratislava |c 2005 | |
| 300 | |a 99 s. | ||
| 610 | 2 | 0 | |a metódy kvantitatívne |
| 610 | 2 | 0 | |a analýzy |
| 610 | 2 | 0 | |a modely stochastické |
| 610 | 2 | 0 | |a demografia |
| 610 | 2 | 0 | |a úmrtnosť |
| 610 | 2 | 0 | |a poistenie životné |
| 100 | 1 | |a Luptáková, Iveta | |
| 700 | 1 | |a Sakálová, Katarína, 1955- | |
| 710 | 2 | |a Fakulta hospodárskej informatiky EU. Katedra matematiky | |